[Event "30th ch-BAN"]
[Site "Dhaka BAN"]
[Date "2004.04.01"]
[Round "5"]
[White "Ahmed,SN"]
[Black "Hossain,P"]
[Result "1/2-1/2"]
[WhiteElo "2280"]
[BlackElo "2258"]
[EventDate "2004.03.28"]

1. e4 c5 2. Nf3 g6 3. d4 cxd4 4. Nxd4 Bg7 5. g3 Nc6 6. Ne2 Nf6 7. Bg2 O-O
8. O-O d6 9. Nbc3 Bd7 10. Nd5 Rc8 11. a4 Ne5 12. h3 Nxd5 13. exd5 Qc7 14.
c3 b5 15. f4 Nc4 16. axb5 Bxb5 17. Nd4 Bxd4+ 18. cxd4 Nb6 19. Rf2 Bc4 20.
f5 Bxd5 21. Bxd5 Nxd5 22. Bh6 Rfe8 23. Qf3 Nf6 24. fxg6 hxg6 25. g4 Qc6 26.
Qf4 Qe4 27. Raf1 Qxf4 28. Rxf4 Rb8 29. g5 Rb3 30. h4 Kh7 31. R1f2 Reb8 32.
gxf6 exf6 33. Bg5 fxg5 34. Rxf7+ Kg8 35. Rxa7 Rg3+ 36. Kf1 gxh4 37. Rd7 Rf8
38. Rxd6 Rxf2+ 39. Kxf2 Kg7 40. Rc6 Rd3 41. Rc4 Rd2+ 42. Kf3 h3 43. Kg3 h2
44. Rc1 Rxb2 45. Rh1 Rd2 46. Rxh2 Rxd4 47. Ra2 g5 48. Ra6 Rf4 49. Rb6 Kf7
50. Ra6 1/2-1/2

[Event "30th ch-BAN"]
[Site "Dhaka BAN"]
[Date "2004.04.01"]
[Round "5"]
[White "Rahman,Zia"]
[Black "Abdulla,AlR"]
[Result "1/2-1/2"]
[WhiteElo "2492"]
[BlackElo "2417"]
[EventDate "2004.03.28"]

1. Nf3 d5 2. d4 e6 3. g3 c5 4. Bg2 Nc6 5. O-O Nf6 6. c4 Be7 7. dxc5 Bxc5 8.
a3 a5 9. Nc3 O-O 10. cxd5 exd5 11. Bf4 d4 12. Nb5 Nd5 13. Qc1 Qb6 14. Nc7
Nxc7 15. Bxc7 Qa7 16. Qc2 h6 17. Rac1 Bb6 18. Bxb6 Qxb6 19. Ne1 Re8 20. Nd3
Bg4 21. Rfe1 Rac8 22. Qd2 Ne5 23. Nxe5 Rxe5 24. Qf4 Rxc1 25. Rxc1 Qxb2 26.
Rc7 Qb1+ 27. Bf1 Be6 28. Rxb7 Qxb7 29. Qxe5 Qd5 30. Qb8+ Kh7 31. Qb6 Qe5
32. h4 g5 33. hxg5 hxg5 34. Qb2 Qc5 35. Bg2 Kh6 36. Be4 g4 37. Qb8 Kg7 38.
Qf4 Qxa3 39. Qg5+ Kf8 40. Qd8+ Kg7 41. Qxd4+ Kf8 42. Qd8+ 1/2-1/2

[Event "30th ch-BAN"]
[Site "Dhaka BAN"]
[Date "2004.04.02"]
[Round "6"]
[White "Reefat,S"]
[Black "Abdulla,AlR"]
[Result "0-1"]
[WhiteElo "2459"]
[BlackElo "2417"]
[EventDate "2004.03.28"]

1. e4 c6 2. d4 d5 3. e5 Bf5 4. Nc3 Qb6 5. Bd3 Bxd3 6. Qxd3 e6 7. Nge2 Nd7
8. O-O Ne7 9. b3 c5 10. Na4 Qc7 11. f4 c4 12. Qf3 h5 13. Nac3 Nf5 14. a4 a6
15. Ba3 cxb3 16. cxb3 Bxa3 17. Rxa3 Rc8 18. Qd3 g6 19. Rc1 Qa5 20. Ra2 O-O
21. Rac2 Rc6 22. Na2 Rfc8 23. Kf2 Nb8 24. g3 Rxc2 25. Rxc2 Rxc2 26. Qxc2
Nc6 27. b4 Nxb4 28. Qc8+ Kg7 29. Nxb4 Qxb4 30. Qd8 Qe7 31. Qb6 Qa3 32. Qd8
Qe3+ 33. Kf1 Qd2 0-1

[Event "30th ch-BAN"]
[Site "Dhaka BAN"]
[Date "2004.04.02"]
[Round "6"]
[White "Hossain,P"]
[Black "Rahman,Zia"]
[Result "0-1"]
[WhiteElo "2258"]
[BlackElo "2492"]
[EventDate "2004.03.28"]

1. e4 d6 2. d4 g6 3. Nc3 Bg7 4. Bc4 Nf6 5. h3 O-O 6. Qf3 Nc6 7. Nge2 Nd7 8.
Be3 e5 9. d5 Nd4 10. Bxd4 exd4 11. Nb5 Ne5 12. Qb3 c5 13. dxc6 Qa5+ 14. c3
dxc3 15. Nexc3 bxc6 16. Nxd6 Ba6 17. Bxa6 Qxa6 18. Qa4 Nd3+ 19. Kf1 Qxa4
20. Nxa4 Rfd8 21. e5 Nxe5 22. Ne4 Rd4 23. Nac3 f5 24. Nc5 Rd2 25. Rb1 Nc4
26. g4 Bd4 27. Ne2 Bxc5 28. Rc1 f4 29. Rxc4 f3 30. Nc3 Rad8 0-1

[Event "30th ch-BAN"]
[Site "Dhaka BAN"]
[Date "2004.04.02"]
[Round "6"]
[White "Mohammad,J"]
[Black "Ahmed,SN"]
[Result "0-1"]
[WhiteElo "2150"]
[BlackElo "2280"]
[EventDate "2004.03.28"]

1. e4 c5 2. Nf3 d6 3. d4 cxd4 4. Nxd4 Nf6 5. Nc3 e6 6. Be3 a6 7. Be2 Be7 8.
O-O O-O 9. f4 Qc7 10. Kh1 b5 11. Bf3 Bb7 12. e5 dxe5 13. fxe5 Nfd7 14. Bf4
Nc6 15. Nxc6 Bxc6 16. Qe2 b4 17. Bxc6 Qxc6 18. Ne4 Rac8 19. Rad1 Nb6 20.
Nd6 Bxd6 21. Rxd6 Qc4 22. Qxc4 Nxc4 23. Rxa6 Nxb2 24. Bd2 Rxc2 25. Bxb4
Rfc8 26. h3 h6 27. Ra7 R2c7 28. Rxc7 Rxc7 29. Rb1 Nd3 30. Bd6 Ra7 31. Ra1
Ra6 32. a4 f6 33. a5 fxe5 34. Bc7 e4 35. Bb6 Nb4 36. Ra4 Nd5 37. Rxe4 Kf7
38. Bd8 Ra8 39. Bb6 Nxb6 40. axb6 Ra1+ 41. Kh2 Rb1 42. Kg3 Rxb6 43. Ra4 Kf6
44. Kf4 Rb2 45. Kf3 Rb3+ 46. Kf2 h5 47. h4 Kf5 48. Ra7 g6 49. Rf7+ Ke5 50.
Ra7 Rb4 51. Ra5+ Kf6 52. g3 e5 53. Ra6+ Kf5 54. Kf3 Rb5 55. Ke3 Rb3+ 56.
Kf2 Rb7 57. Ke3 Rf7 58. Ra4 Rf6 59. Kf3 Rc6 60. Rb4 Re6 61. Rb5 Rd6 62. Rb4
Rd3+ 63. Kf2 Rd4 64. Rb6 Rg4 65. Rb5 Ke4 66. Rb4+ Kd3 67. Rb6 g5 68. hxg5
Rxg5 69. Rd6+ Ke4 70. Ra6 Kf5 71. Kf3 Rg6 72. Ra5 Rc6 73. Kf2 Rc2+ 74. Kf3
Rc3+ 75. Kf2 Ke4 76. Ra4+ Kd3 77. Ra5 Rc2+ 78. Kf1 Kd4 79. Ra4+ Rc4 80. Ra5
Ke4 81. Ke2 Rc2+ 82. Kf1 Rd2 83. Ra4+ Kf3 84. Ra3+ Ke4 85. Ra4+ Rd4 86. Ra3
Rd3 87. Ra5 Rxg3 88. Kf2 Rd3 89. Ra4+ Rd4 90. Ra3 Rd2+ 91. Kg3 0-1

[Event "30th ch-BAN"]
[Site "Dhaka BAN"]
[Date "2004.04.02"]
[Round "6"]
[White "Chatterjee,D"]
[Black "Islam,AP"]
[Result "1/2-1/2"]
[WhiteElo "2175"]
[BlackElo "2149"]
[EventDate "2004.03.28"]

1. d4 d6 2. Nf3 Nf6 3. c4 Nbd7 4. Nc3 e5 5. e4 Be7 6. Be2 O-O 7. O-O c6 8.
Re1 Re8 9. Bf1 Qc7 10. Rb1 a5 11. a3 Nf8 12. h3 b6 13. b4 axb4 14. axb4 Bd7
15. b5 c5 16. dxc5 dxc5 17. Nd5 Nxd5 18. cxd5 Ng6 19. Nd2 Bd6 20. Nc4 f5
21. Bd3 f4 22. Bd2 Kh8 23. Qb3 Ne7 24. Bxf4 exf4 25. e5 Nc8 26. Qb2 f3 27.
g4 Bf8 28. e6 Nd6 29. exd7 Rxe1+ 30. Rxe1 Nxc4 31. Bxc4 Qxd7 32. Qb3 Bd6
33. Qxf3 Rf8 34. Qe4 Qf7 35. Re2 g6 36. Kg2 Kg7 37. f3 Qf6 38. Ra2 Rf7 39.
f4 Qxf4 40. Qxf4 Rxf4 41. Be2 Rd4 42. Ra6 Rxd5 43. Rxb6 Rd2 44. Kf3 h6 45.
Rc6 Kf6 46. Ke3 Rd4 47. Bd3 g5 48. b6 Ke5 49. Bf5 Rb4 50. Kd3 Kd5 51. Bd7
c4+ 52. Kc3 Rb3+ 53. Kc2 Be5 54. Rxc4 Rxb6 55. Rc8 Rb2+ 56. Kc1 Rh2 57. Bf5
Rxh3 58. Re8 Bf6 59. Kd2 Be5 60. Rd8+ Bd6 61. Re8 Bc5 62. Ke2 Bd6 63. Kf2
Bf4 64. Rd8+ Ke5 65. Re8+ Kf6 66. Re6+ Kf7 67. Ra6 1/2-1/2

[Event "30th ch-BAN"]
[Site "Dhaka BAN"]
[Date "2004.04.02"]
[Round "6"]
[White "Uddin,S"]
[Black "Alam,MdM"]
[Result "1-0"]
[WhiteElo "2254"]
[BlackElo "2182"]
[EventDate "2004.03.28"]

1. Nf3 d5 2. b3 Bg4 3. e3 e5 4. h3 Bxf3 5. Qxf3 Nf6 6. Bb2 Nbd7 7. g4 c6 8.
Bg2 Bd6 9. d3 h6 10. Nd2 Qe7 11. Qe2 Nc5 12. Nf3 O-O-O 13. O-O-O Na6 14.
Kb1 Rhe8 15. c4 Kb8 16. cxd5 Nxd5 17. d4 f6 18. dxe5 fxe5 19. Nd2 Ba3 20.
Ba1 Nac7 21. Nc4 Bb4 22. Qc2 e4 23. Bb2 Nb5 24. Ka1 Bc3 25. a4 Bxb2+ 26.
Qxb2 Nd6 27. Rd4 Nxc4 28. bxc4 Nf6 29. Rhd1 Rxd4 30. Rxd4 Qe5 31. Ka2 c5
32. Rd8+ Kc7 33. Qxe5+ Rxe5 34. Rd2 Re6 35. Kb2 Ra6 36. Kb3 Rb6+ 37. Kc3
Rb4 38. Ra2 Kd6 39. a5 Ke5 40. Ra1 Ne8 41. Bf1 Nd6 42. h4 h5 43. gxh5 Nf5
44. Be2 Nxh4 45. Bd1 Nf5 46. Bb3 b5 47. Rd1 bxc4 48. Bxc4 Ne7 49. Rd7 Kf6
50. Rxa7 Rb1 51. Rc7 Rc1+ 52. Kb3 Rb1+ 53. Kc2 Ra1 54. a6 Ra5 55. a7 Ra3
56. Kd1 Ra5 57. Ke1 Ra1+ 58. Ke2 Ra4 59. Kf1 Ra5 60. Kg2 Ra3 61. Kh3 Ra5
62. Kg4 Ra3 63. Kf4 Ra4 64. Bb3 g5+ 65. Kg4 Ra1 66. Kh3 Ra5 67. h6 1-0

[Event "30th ch-BAN"]
[Site "Dhaka BAN"]
[Date "2004.04.02"]
[Round "6"]
[White "Murshed,N"]
[Black "Hossain,Enam"]
[Result "1-0"]
[WhiteElo "2436"]
[BlackElo "2446"]
[EventDate "2004.03.28"]

1. d4 d5 2. Nf3 c6 3. c4 Nf6 4. Qc2 dxc4 5. Qxc4 Bf5 6. g3 e6 7. Bg2 Be7 8.
Nc3 Nbd7 9. O-O O-O 10. e3 b5 11. Qe2 b4 12. Na4 Qa5 13. b3 Qb5 14. Re1
Rac8 15. Bf1 Bg4 16. Qd1 Qh5 17. Be2 Ne4 18. Nh4 Bxe2 19. Qxe2 Qxe2 20.
Rxe2 c5 21. Nf3 Bf6 22. Bb2 c4 23. Ne1 e5 24. Rd1 cxb3 25. axb3 exd4 26.
exd4 Nd6 27. Nd3 a5 28. Ndc5 Nxc5 29. dxc5 Nb5 30. Nb6 Rc6 31. Nd7 Rfc8 32.
Rde1 h5 33. Re8+ Rxe8 34. Rxe8+ Kh7 35. Bxf6 gxf6 36. Ra8 Nd4 37. Rxa5 Kg7
38. Ra4 Rc7 39. Nb6 Nxb3 40. Rxb4 Nxc5 41. Rh4 Rc6 42. Rxh5 Rxb6 43. Rxc5
Kg6 44. g4 Rb4 45. h3 Rb3 46. Kg2 Ra3 47. f3 Ra6 48. Kg3 Rb6 49. h4 Rb4 50.
Rc6 Kg7 51. Rc7 Ra4 52. Re7 Kg6 53. Re4 Ra5 54. Kf4 Rc5 55. Rd4 Ra5 56. h5+
Kg7 57. Rd6 Ra4+ 58. Kf5 Ra5+ 59. Ke4 Ra4+ 60. Rd4 Ra5 61. Rd5 Ra3 62. f4
Ra4+ 63. Kf5 Ra6 64. g5 fxg5 65. fxg5 Rb6 66. h6+ Kh7 67. Rd7 Kg8 68. Rd8+
Kh7 69. Rf8 f6 70. Rf7+ Kg8 71. g6 Rb5+ 72. Kxf6 Rb6+ 73. Kg5 Rb5+ 74. Rf5
Rb8 75. Rd5 Kh8 76. Kf6 Rb6+ 77. Kf5 Rb8 78. Ke6 Re8+ 79. Kf7 Rf8+ 80. Ke7
1-0

[Event "30th ch-BAN"]
[Site "Dhaka BAN"]
[Date "2004.04.02"]
[Round "6"]
[White "Abdul,Mal"]
[Black "Hasan,M"]
[Result "1-0"]
[WhiteElo "2250"]
[BlackElo "2224"]
[EventDate "2004.03.28"]

1. Nf3 d5 2. c4 dxc4 3. Qa4+ Nd7 4. g3 Ngf6 5. Bg2 c6 6. Qxc4 Nb6 7. Qc2
Bg4 8. h3 Bxf3 9. Bxf3 e6 10. O-O Nbd5 11. d3 Qb6 12. Nd2 Rd8 13. a3 h5 14.
e4 Nc7 15. Nc4 Qd4 16. Rd1 Qd7 17. d4 Be7 18. Qb3 Qc8 19. Be3 Na8 20. Bg5
b5 21. Ne5 Ng8 22. Bxe7 Nxe7 23. Rac1 Qa6 24. Qe3 f6 25. Nd3 Nb6 26. Nf4
Nc4 27. Qe2 h4 28. Nxe6 Rd7 29. Nc5 1-0

[Event "30th ch-BAN"]
[Site "Dhaka BAN"]
[Date "2004.04.03"]
[Round "7"]
[White "Hasan,M"]
[Black "Reefat,S"]
[Result "1-0"]
[WhiteElo "2224"]
[BlackElo "2459"]
[EventDate "2004.03.28"]

1. e4 e6 2. d4 d5 3. Nc3 Nf6 4. Bg5 dxe4 5. Nxe4 Be7 6. Bxf6 Bxf6 7. Nf3
Nd7 8. Qd2 O-O 9. O-O-O b6 10. Bc4 Bb7 11. d5 b5 12. Bb3 Nb6 13. Nxf6+ Qxf6
14. dxe6 fxe6 15. Rhe1 Bd5 16. Qe2 Nc4 17. Bxc4 bxc4 18. Qe5 c6 19. Re2
Rae8 20. Qxf6 Rxf6 21. Ne1 e5 22. c3 Kf8 23. Rdd2 g5 24. Re3 Re7 25. Rde2
g4 26. h3 h5 27. hxg4 hxg4 28. Rg3 Rf4 29. Nc2 Rh7 30. Ne3 Rh1+ 31. Kd2 Rb1
32. Nd1 Be4 33. Ree3 Bh7 34. Rxe5 Ra1 35. Ra5 Bd3 36. Rxa7 Bb1 37. f3 c5
38. fxg4 1-0

[Event "30th ch-BAN"]
[Site "Dhaka BAN"]
[Date "2004.04.03"]
[Round "7"]
[White "Hossain,Enam"]
[Black "Abdul,Mal"]
[Result "1-0"]
[WhiteElo "2446"]
[BlackElo "2250"]
[EventDate "2004.03.28"]

1. e4 g6 2. d4 Bg7 3. Nc3 c6 4. Nf3 d6 5. Be3 Nf6 6. Qd2 b5 7. Bd3 O-O 8.
h3 Re8 9. O-O e5 10. dxe5 dxe5 11. Ne2 a6 12. a4 Bb7 13. Ng3 Nbd7 14. c4
bxa4 15. c5 Nf8 16. Qc2 N6d7 17. Rfd1 Ne6 18. Rxa4 Bf8 19. Bc4 Qc7 20. b4
Kg7 21. Raa1 Bc8 22. Qd2 Re7 23. Qc3 Ra7 24. Rd6 Re8 25. Bxe6 Rxe6 26. Rxe6
fxe6 27. Nxe5 Nxe5 28. Bd4 Kg8 29. Bxe5 Qd7 30. Kh2 Qf7 31. Rd1 Rd7 32.
Rxd7 Qxd7 33. Qe3 Qb7 34. Bc3 Qd7 35. Qg5 Be7 36. Qe5 Bf8 37. Qh8+ Kf7 38.
Qxh7+ Ke8 39. Qxg6+ Kd8 40. Qg5+ Kc7 41. Qf4+ 1-0

[Event "30th ch-BAN"]
[Site "Dhaka BAN"]
[Date "2004.04.03"]
[Round "7"]
[White "Islam,AP"]
[Black "Uddin,S"]
[Result "1-0"]
[WhiteElo "2149"]
[BlackElo "2254"]
[EventDate "2004.03.28"]

1. c4 b6 2. d4 Bb7 3. d5 e6 4. g3 f5 5. Bg2 Nf6 6. Nh3 Bd6 7. Nc3 O-O 8.
O-O Na6 9. e4 Nc5 10. exf5 exf5 11. Re1 c6 12. Bf4 Bxf4 13. Nxf4 Re8 14.
Qd4 Rxe1+ 15. Rxe1 Qf8 16. b4 Na6 17. dxc6 Bxc6 18. a3 Re8 19. Rxe8 Qxe8
20. Nfd5 Qe1+ 21. Bf1 Bxd5 22. Nxd5 Ng4 23. Kg2 Nb8 24. h3 Nc6 25. Qf4 Nh6
26. Ne3 Qd2 27. b5 Ne7 28. Qe5 Kf7 29. c5 bxc5 30. Bc4+ d5 31. Nxd5 Nxd5
32. Bxd5+ Kf8 33. Qd6+ Ke8 1-0

[Event "30th ch-BAN"]
[Site "Dhaka BAN"]
[Date "2004.04.03"]
[Round "7"]
[White "Ahmed,SN"]
[Black "Chatterjee,D"]
[Result "1-0"]
[WhiteElo "2280"]
[BlackElo "2175"]
[EventDate "2004.03.28"]

1. e4 c5 2. Nf3 d6 3. g3 e5 4. Bg2 g6 5. O-O Bg7 6. d3 Ne7 7. Bg5 O-O 8.
Qd2 f6 9. Be3 Nbc6 10. c3 Be6 11. Rd1 b6 12. d4 Na5 13. Na3 Nc4 14. Nxc4
Bxc4 15. b4 cxb4 16. cxb4 b5 17. dxe5 dxe5 18. Bc5 Kf7 19. Qe3 Qc7 20. Bd6
Qb7 21. Nd2 Be6 22. Nb3 Rfd8 23. Bf1 Rac8 24. Na5 Qa6 25. Bc5 Nc6 26. a4
Nxa5 27. axb5 Rxd1 28. Rxd1 Qb7 29. bxa5 Qc7 30. b6 axb6 31. Bxb6 Qc6 32.
a6 Bf8 33. a7 Qa4 34. Rc1 Rxc1 35. Qxc1 Bd6 36. Qb1 f5 37. Bb5 Qa3 38. Bc6
1-0

[Event "30th ch-BAN"]
[Site "Dhaka BAN"]
[Date "2004.04.03"]
[Round "7"]
[White "Rahman,Zia"]
[Black "Mohammad,J"]
[Result "1-0"]
[WhiteElo "2492"]
[BlackElo "2150"]
[EventDate "2004.03.28"]

1. Nf3 Nf6 2. c4 e6 3. g3 d5 4. d4 dxc4 5. Bg2 Nbd7 6. O-O c6 7. a4 Bd6 8.
Nfd2 O-O 9. Nxc4 Bc7 10. Nc3 Re8 11. a5 Nd5 12. e4 Nxc3 13. bxc3 e5 14. d5
Nf6 15. Be3 Bg4 16. Qd2 cxd5 17. exd5 e4 18. h3 Bf3 19. d6 Bb8 20. Bg5 Bxg2
21. Kxg2 e3 22. Qd3 Re6 23. Bxf6 gxf6 24. f4 f5 25. Nxe3 Rxd6 26. Qxf5 Rd2+
27. Kf3 Bc7 28. Rad1 Qd6 29. Rxd2 Qxd2 30. Qg5+ Kf8 31. Qh6+ Kg8 32. Qg5+
Kf8 33. Qc5+ Bd6 34. Qd4 Qxd4 35. cxd4 b5 36. axb6 axb6 37. Rb1 Rb8 38. Rb5
Bc7 39. g4 Kg7 40. g5 Ra8 41. Nf5+ Kf8 42. Rb3 Ra1 43. Ne3 Rh1 44. Kg2 Re1
45. Nd5 Bd8 46. Kf3 Re6 47. Ne3 f6 48. h4 fxg5 49. hxg5 h6 50. d5 Rg6 51.
gxh6 Rxh6 52. Ke4 Rh3 53. Ra3 Ke8 54. Ra7 Rh1 55. Nc4 Re1+ 56. Kf5 Re7 57.
Nd6+ Kf8 58. Ra8 1-0

[Event "30th ch-BAN"]
[Site "Dhaka BAN"]
[Date "2004.04.03"]
[Round "7"]
[White "Abdulla,AlR"]
[Black "Hossain,P"]
[Result "1-0"]
[WhiteElo "2417"]
[BlackElo "2258"]
[EventDate "2004.03.28"]

1. d4 e6 2. Nf3 c5 3. e3 Nf6 4. Bd3 Nc6 5. O-O d5 6. b3 Bd6 7. Bb2 O-O 8.
Nbd2 Nd7 9. c4 f5 10. Rc1 b6 11. cxd5 exd5 12. Bb5 Bb7 13. dxc5 bxc5 14.
Nc4 Nf6 15. Bxf6 Rxf6 16. Qxd5+ Kh8 17. Nxd6 Rxd6 18. Qxc5 Rd5 19. Qc4 Rc8
20. Qe2 Ne5 21. Nxe5 Rxe5 22. Ba6 Bxa6 23. Qxa6 Rc7 24. h3 h6 25. Rxc7 Qxc7
26. Qd3 Re4 27. Rd1 Kh7 28. Qd7 Qa5 29. Qf7 a6 30. Rd7 Qe5 31. f4 1-0

[Event "30th ch-BAN"]
[Site "Dhaka BAN"]
[Date "2004.04.04"]
[Round "8"]
[White "Reefat,S"]
[Black "Hossain,P"]
[Result "1-0"]
[WhiteElo "2459"]
[BlackElo "2258"]
[EventDate "2004.03.28"]

1. e4 c5 2. Nf3 g6 3. c3 Bg7 4. d4 cxd4 5. cxd4 d6 6. Nc3 Nf6 7. h3 O-O 8.
Be2 a6 9. a4 b6 10. Be3 Bb7 11. Nd2 Nfd7 12. O-O f5 13. f4 fxe4 14. Ndxe4
d5 15. Ng5 Rf6 16. h4 Nf8 17. h5 h6 18. Nf3 Nc6 19. Qd2 Qd7 20. Ne5 Nxe5
21. dxe5 Rf7 22. hxg6 Nxg6 23. Bh5 Qe6 24. Ne2 Nxe5 25. fxe5 Rxf1+ 26. Rxf1
Qxe5 27. Bf7+ Kh8 28. Nf4 Qe4 29. Bg6 Qe5 30. Bc2 Kg8 31. Ng6 Qe6 32. Bd4
Qg4 33. Nxe7+ Kh8 34. Qxh6+ 1-0

[Event "30th ch-BAN"]
[Site "Dhaka BAN"]
[Date "2004.04.04"]
[Round "8"]
[White "Mohammad,J"]
[Black "Abdulla,AlR"]
[Result "0-1"]
[WhiteElo "2150"]
[BlackElo "2417"]
[EventDate "2004.03.28"]

1. e4 e5 2. Nf3 Nc6 3. Nc3 Nf6 4. Bb5 Bd6 5. d3 h6 6. O-O O-O 7. a4 Re8 8.
Re1 Bc5 9. h3 d6 10. Nd5 a6 11. Bc4 Nxd5 12. Bxd5 Ne7 13. Ba2 Ng6 14. c3
Qf6 15. d4 Ba7 16. Qd3 Bd7 17. Bd5 c6 18. Bb3 Rad8 19. Be3 Bxh3 20. Qf1
Qxf3 21. gxf3 Bxf1 22. Kxf1 exd4 23. cxd4 d5 24. e5 c5 25. Rad1 cxd4 26.
Bxd4 Bxd4 27. Rxd4 Rxe5 28. Rxe5 Nxe5 29. Bxd5 Kf8 30. Ke2 Nc6 31. Rd1 Ke7
32. f4 Kf6 33. b4 Rd7 34. Bxc6 Rxd1 35. Bxb7 Rd4 36. b5 axb5 0-1

[Event "30th ch-BAN"]
[Site "Dhaka BAN"]
[Date "2004.04.04"]
[Round "8"]
[White "Chatterjee,D"]
[Black "Rahman,Zia"]
[Result "0-1"]
[WhiteElo "2175"]
[BlackElo "2492"]
[EventDate "2004.03.28"]

1. d4 d6 2. Nf3 g6 3. c4 Bg7 4. Nc3 Nf6 5. e4 O-O 6. Be2 Na6 7. O-O e5 8.
Bg5 h6 9. Bh4 g5 10. dxe5 Nh5 11. Bg3 Nxg3 12. hxg3 dxe5 13. Qc2 c6 14. a3
Nc5 15. Rad1 Qe7 16. Na4 Ne6 17. b4 g4 18. Ne1 Nd4 19. Qb2 h5 20. Bd3 f5
21. Nc3 f4 22. Ne2 Ne6 23. c5 f3 24. Nc1 Nd4 25. Nb3 h4 26. Nxd4 exd4 27.
Qd2 Be6 28. Bb1 Rf7 29. Nd3 Bc4 30. Rde1 b5 31. cxb6 axb6 32. Ba2 b5 33.
Qc2 hxg3 34. fxg3 Rxa3 35. Bxc4 bxc4 36. Qxc4 Rc3 37. Qa6 Bh6 38. Qc8+ Kh7
39. Nf2 fxg2 40. Kxg2 Qe5 41. Qxg4 Rg7 42. Qf5+ Qxf5 43. exf5 Rcxg3+ 44.
Kh1 Be3 45. f6 R7g6 0-1

[Event "30th ch-BAN"]
[Site "Dhaka BAN"]
[Date "2004.04.04"]
[Round "8"]
[White "Uddin,S"]
[Black "Ahmed,SN"]
[Result "0-1"]
[WhiteElo "2254"]
[BlackElo "2280"]
[EventDate "2004.03.28"]

1. Nf3 Nf6 2. b3 g6 3. Bb2 Bg7 4. g3 O-O 5. Bg2 d6 6. d4 Nbd7 7. O-O e5 8.
dxe5 Ng4 9. c4 Ngxe5 10. Nc3 a5 11. Nd4 Nc5 12. Rb1 Re8 13. h3 Bd7 14. Kh2
h5 15. Nd5 c6 16. Nc3 Ned3 17. exd3 Bxd4 18. Ne4 Bxb2 19. Rxb2 Bf5 20. Re2
Re6 21. f3 Qe7 22. Rfe1 d5 23. Nxc5 Qxc5 24. d4 Qb4 25. cxd5 cxd5 26. g4
hxg4 27. fxg4 Rxe2 28. Qxe2 Be6 29. Qe5 a4 30. Re3 Qb5 31. h4 axb3 32. h5
Qd7 33. axb3 gxh5 34. gxh5 Kh7 35. Rg3 Rg8 36. Rxg8 Kxg8 37. h6 f5 38. Qf6
Kh7 39. Kg3 Qc7+ 40. Kh4 Qf4+ 41. Kh3 Qxh6+ 42. Qxh6+ Kxh6 43. Kh4 Kg6 44.
Bf3 Kf6 45. b4 Bf7 46. Bg2 Be6 47. Bf3 f4 48. Bg2 b6 49. Bf3 Kf5 50. Kh5
Bf7+ 51. Kh4 Bg8 52. Kh5 Bf7+ 53. Kh4 Be8 54. Bxd5 Bb5 55. Bf3 Bd3 56. Kh3
Be4 57. Bg4+ Kg5 58. Bd1 Bf5+ 59. Kg2 Bg4 60. Bb3 Kf6 61. Kf2 Be6 62. Bc2
Bd5 63. Bd3 Ke6 64. Bc2 Kd6 65. Bd3 Kc6 66. Bc2 Kb5 67. Ke2 Kc4 68. Kd2
Kxd4 69. Bd3 Bc4 70. Bc2 f3 0-1

[Event "30th ch-BAN"]
[Site "Dhaka BAN"]
[Date "2004.04.04"]
[Round "8"]
[White "Hasan,M"]
[Black "Hossain,Enam"]
[Result "0-1"]
[WhiteElo "2224"]
[BlackElo "2446"]
[EventDate "2004.03.28"]

1. e4 e6 2. d4 c5 3. Nf3 cxd4 4. Nxd4 a6 5. Bd3 Nf6 6. c4 Nc6 7. Nxc6 dxc6
8. O-O e5 9. Bg5 Be7 10. Qc2 O-O 11. Nd2 Nd7 12. Be3 Bc5 13. Rae1 a5 14.
Nf3 Qe7 15. h3 Bxe3 16. Rxe3 Nc5 17. Qc3 f6 18. Nh4 Rd8 19. Bc2 Be6 20. b3
Qd6 21. Rd1 Qc7 22. Ree1 Bf7 23. f4 Nd7 24. fxe5 Nxe5 25. Nf3 Bh5 26. Rxd8+
Rxd8 27. Nh2 Qb6+ 28. Kf1 Qc5 29. g4 Bf7 30. Rd1 Rxd1+ 31. Bxd1 Nxc4 32.
Ke2 Qg1 33. Nf3 Qg2+ 34. Ke1 Qg3+ 35. Kf1 Qxh3+ 36. Kf2 Ne5 37. Qxa5 Nxg4+
38. Ke2 h5 39. e5 Qg2+ 0-1

[Event "30th ch-BAN"]
[Site "Dhaka BAN"]
[Date "2004.04.05"]
[Round "9"]
[White "Hossain,Enam"]
[Black "Reefat,S"]
[Result "1/2-1/2"]
[WhiteElo "2446"]
[BlackElo "2459"]
[EventDate "2004.03.28"]

1. e4 e6 2. d4 d5 3. Nd2 Be7 4. Ngf3 Nf6 5. Bd3 c5 6. e5 Nfd7 7. c3 Nc6 8.
O-O g5 9. a3 Qb6 10. dxc5 Nxc5 11. Bc2 Nd7 12. Ba4 g4 13. Ne1 Ndxe5 14. Nb3
f5 15. Qe2 Nf7 16. Nd3 Qa6 17. Bxc6+ bxc6 18. Re1 O-O 19. Bf4 Re8 20. Qe3
Qb6 21. Nd4 c5 22. Nc2 Bd7 23. Ne5 Ba4 24. b3 Bxb3 25. Rab1 Bf8 26. h3 Bg7
27. hxg4 Bxc2 28. Rxb6 axb6 29. Nxf7 Kxf7 30. Be5 Bxe5 31. Qxe5 fxg4 32.
Qc7+ Re7 33. Qxb6 c4 34. Qd6 Bf5 35. Re2 Raa7 36. Rb2 Red7 37. Qc5 d4 38.
Rb8 dxc3 39. Rf8+ Kg7 40. Rxf5 exf5 41. Qxf5 Rac7 42. Qxg4+ Kh8 43. Qf3 Kg8
44. Qg3+ Rg7 45. Qxc3 Rc6 46. a4 h6 47. a5 Kh7 48. Kh2 Rgg6 49. g3 Rc5 50.
Qa3 Rc7 51. a6 Ra7 52. Qc5 Raxa6 53. Qc7+ Rg7 54. Qxc4 Rf6 55. Qe4+ Kg8 56.
Qd5+ Rgf7 57. f4 Kh7 58. Qe4+ Rg6 59. Kh3 Rfg7 60. g4 Kh8 61. Qe8+ Kh7 62.
Qe4 Kh8 63. Qe8+ 1/2-1/2

[Event "30th ch-BAN"]
[Site "Dhaka BAN"]
[Date "2004.04.05"]
[Round "9"]
[White "Islam,AP"]
[Black "Abdul,Mal"]
[Result "1-0"]
[WhiteElo "2149"]
[BlackElo "2250"]
[EventDate "2004.03.28"]

1. e4 c5 2. Nf3 e6 3. Nc3 Nc6 4. Bb5 Nd4 5. O-O Nxb5 6. Nxb5 a6 7. Nc3 Qc7
8. d4 cxd4 9. Qxd4 Ne7 10. Re1 Nc6 11. Nd5 Qd6 12. Qb6 Rb8 13. Bf4 e5 14.
Nc7+ Ke7 15. Rad1 Qg6 16. Nh4 Qg4 17. Nf5+ Kf6 18. h3 Qh5 19. Nd5+ Ke6 20.
Nc7+ Kf6 21. Ne8+ Kg6 22. Bxe5 f6 23. Bxb8 Nxb8 24. Rd5 Nc6 25. Ne7+ Bxe7
26. Rxh5 Rxe8 27. Rd5 Bd8 28. Qb3 Re6 29. f4 Kh6 30. f5 Re7 31. Qe3+ g5 32.
fxg6 Kxg6 33. Qg3+ Kf7 34. Rh5 Bb6+ 35. Kh1 Kf8 36. Qd6 Ke8 37. Qxf6 Bd4
38. e5 1-0

[Event "30th ch-BAN"]
[Site "Dhaka BAN"]
[Date "2004.04.05"]
[Round "9"]
[White "Ahmed,SN"]
[Black "Murshed,N"]
[Result "1/2-1/2"]
[WhiteElo "2280"]
[BlackElo "2436"]
[EventDate "2004.03.28"]

1. e4 d6 2. d4 g6 3. Nf3 Bg7 4. Bc4 e6 5. Bb3 b6 6. O-O Bb7 7. Re1 Ne7 8.
Nbd2 Nd7 9. Nf1 O-O 10. c3 h6 11. Ng3 c5 12. h4 Rc8 13. h5 g5 14. Qe2 cxd4
15. Nxd4 d5 16. Rd1 Qc7 17. Be3 Nf6 18. Nb5 Ba6 19. Bd4 Nxe4 20. Nxe4 dxe4
21. Bxg7 Kxg7 22. a4 Qc6 23. Qc2 Bxb5 24. axb5 Qb7 25. Ra4 e3 26. fxe3 Nf5
27. Qf2 Rfd8 28. Rda1 Rd7 29. Rxa7 Qxa7 30. Rxa7 Rxa7 31. e4 Ne7 32. Qxb6
Rd7 33. Qe3 Rcd8 34. b6 Rd2 35. b7 Rxb2 36. Qb6 Rd1+ 37. Kh2 Nc6 38. b8=Q
Nxb8 39. Qxb8 Rdd2 40. Qe5+ Kg8 41. Bc4 Rxg2+ 42. Kh1 Rgc2 43. Bf1 Rc1 44.
Kg1 Rbb1 45. Kf2 Rxf1+ 46. Ke3 Rbe1+ 47. Kd2 Rd1+ 48. Kc2 Rc1+ 49. Kb2 Rce1
50. Kb3 Rf4 51. c4 Re3+ 52. Kb4 Rexe4 53. Qb8+ Kh7 54. Kc5 g4 55. Qb1 Rf5+
56. Kd6 Rxc4 57. Qb3 Rcf4 58. Ke7 Rxh5 59. Kf8 Rhf5 60. Qc3 e5 61. Qg3 h5
62. Qe1 Rf3 63. Qxe5 Rxe5 1/2-1/2

[Event "30th ch-BAN"]
[Site "Dhaka BAN"]
[Date "2004.04.05"]
[Round "9"]
[White "Rahman,Zia"]
[Black "Uddin,S"]
[Result "1-0"]
[WhiteElo "2492"]
[BlackElo "2254"]
[EventDate "2004.03.28"]

1. Nf3 Nf6 2. c4 e6 3. g3 b6 4. Bg2 Bb7 5. O-O Be7 6. Nc3 O-O 7. Re1 d5 8.
cxd5 Nxd5 9. e4 Nxc3 10. bxc3 c5 11. d4 cxd4 12. cxd4 Nd7 13. Bf4 b5 14. d5
exd5 15. exd5 Bf6 16. Rc1 Rc8 17. d6 Rc4 18. Qb3 Rxc1 19. Rxc1 Qb6 20. Rc7
Bc8 21. Qc2 Qb8 22. Ng5 g6 23. Nxf7 Kxf7 24. Bh6 Rd8 25. Qb3+ 1-0

[Event "30th ch-BAN"]
[Site "Dhaka BAN"]
[Date "2004.04.05"]
[Round "9"]
[White "Abdulla,AlR"]
[Black "Chatterjee,D"]
[Result "1-0"]
[WhiteElo "2417"]
[BlackElo "2175"]
[EventDate "2004.03.28"]

1. d4 Nf6 2. Nf3 g6 3. c3 Bg7 4. Bg5 d5 5. Nbd2 O-O 6. e3 Nbd7 7. b4 Ne4 8.
Nxe4 dxe4 9. Nd2 h6 10. Bh4 g5 11. Bg3 f5 12. h4 f4 13. Bc4+ Kh8 14. hxg5
fxg3 15. Rxh6+ Bxh6 16. Qh5 Rf7 17. Bxf7 Qf8 18. Nxe4 gxf2+ 19. Kxf2 a5 20.
b5 b6 21. Rh1 Qg7 22. Bd5 Rb8 23. Ke1 e6 24. Qe8+ 1-0